LDR 00772naa#a2200181#i#450# 001 EN\\bibl\121423 005 20260515064921.5 011 ## _a1994-4683 100 ## _a20230531b2023####ek#y0engy0150####ca 102 ## _aRU 200 1# _aMETHODOLOGICAL SUBSTANTIATION OF AN INDIVIDUAL EDUCATIONAL TRAJECTORY OF THE DEVELOPMENT OF SCHOOLCHILDREN'S MOTOR ABILITIES, BUILT ON THE BASIS OF THE PHENOMENON OF AN INDIVIDUAL BIOLOGICAL YEAR _eJournal article 210 1# _aMoscow _cNational State University of Physical Education, Sports and Health named after P.F. Lesgaft _d2023 215 ## _a5 с. 608 ## _aJournal article _2local 675 ## _aПреподавание отдельных учебных предметов. 372.8 _z 700 #1 _a _g 700 #1 _a _g 856 4# _auchzapiski.lesgaft.spb.ru _u